|
|
|
|
| LEADER |
01521cas a2200241 a 4500 |
| 001 |
AALejournalIMF007295 |
| 008 |
230101c9999 xx r poo 0 0eng d |
| 020 |
|
|
|c 5.00 USD
|
| 020 |
|
|
|z 9781455297733
|
| 022 |
|
|
|a 1018-5941
|
| 040 |
|
|
|a BD-DhAAL
|c BD-DhAAL
|
| 100 |
1 |
|
|a Moriyama, Kenji.
|
| 245 |
1 |
0 |
|a Inflation Inertia in Egypt and its Policy Implications /
|c Kenji Moriyama.
|
| 264 |
|
1 |
|a Washington, D.C. :
|b International Monetary Fund,
|c 2011.
|
| 300 |
|
|
|a 1 online resource (26 pages)
|
| 490 |
1 |
|
|a IMF Working Papers
|
| 500 |
|
|
|a <strong>Off-Campus Access:</strong> No User ID or Password Required
|
| 500 |
|
|
|a <strong>On-Campus Access:</strong> No User ID or Password Required
|
| 506 |
|
|
|a Electronic access restricted to authorized BRAC University faculty, staff and students
|
| 520 |
3 |
|
|a This paper investigates the degree of inflation inertia in Egypt and its determinants using the cross country data consisting of over 100 countries. Medium-unbiased estimator of inflation inertia in Egypt is high compared to other countries, as indicated by its location around the upper quartile among the sample. The cross country analysis indicates that counter-cyclical macroeconomic policy and fiscal consolidation are a key to reduce inflation inertia and the costs of disinflation.
|
| 538 |
|
|
|a Mode of access: Internet
|
| 830 |
|
0 |
|a IMF Working Papers; Working Paper ;
|v No. 2011/160
|
| 856 |
4 |
0 |
|z Full text available on IMF
|u http://elibrary.imf.org/view/journals/001/2011/160/001.2011.issue-160-en.xml
|z IMF e-Library
|